Form function and design
Αποθηκεύτηκε σε:
| Κύριος συγγραφέας: | |
|---|---|
| Μορφή: | Βιβλίο |
| Γλώσσα: | English |
| Δημοσίευση: |
New York :
Dover Publications,
1975.
|
| Θέματα: | |
| Ετικέτες: |
Προσθήκη ετικέτας
Δεν υπάρχουν, Καταχωρήστε ετικέτα πρώτοι!
|
MARC
| LEADER | 00000cam a2200000 i 4500 | ||
|---|---|---|---|
| 001 | 1/16382 | ||
| 008 | 010127s1975 nyu| ||| |||| ||eng|| | ||
| 020 | |a 0486201821 | ||
| 035 | |l 10065753 | ||
| 040 | |a GR-MyUa |b gre |e AACR2 | ||
| 041 | 0 | |a eng | |
| 082 | 7 | |a 729 |2 (21) | |
| 100 | 1 | |a Grillo, Paul Jacques. | |
| 245 | 1 | 0 | |a Form function and design / |c Paul Jacques Grillo. |
| 260 | |a New York : |b Dover Publications, |c 1975. | ||
| 300 | |a 238 σ. : |b εικ. ; |c 28 εκ. | ||
| 500 | |a "Unabridged republication of the work orinally published under the title: What is design". | ||
| 650 | 0 | |a Design. | |
| 650 | 0 | |a Architectural design. | |
| 852 | |a INST |b SAMOS |e 20010127 |h 729 GRI |p 005300022177 |q 005300022177 |t BK |y 0 | ||
| 852 | |a INST |b SAMOS |e 20010127 |h 729 GRI |p 005300022178 |q 005300022178 |t BK |y 0 | ||
| 852 | |a INST |b SAMOS |e 20010127 |h 729 GRI |p 005300022179 |q 005300022179 |t BK |y 0 | ||
| 852 | |a INST |b SAMOS |e 20010127 |h 729 GRI |p 005300022180 |q 005300022180 |t BK |y 0 | ||
| 852 | |a INST |b SAMOS |e 20010127 |h 729 GRI |p 005300022181 |q 005300022181 |t BK |y 0 | ||
| 852 | |a INST |b SAMOS |e 20010127 |h 729 GRI |p 005300022182 |q 005300022182 |t BK |y 0 | ||
| 852 | |a INST |b SAMOS |e 20010127 |h 729 GRI |p 005300022183 |q 005300022183 |t BK |y 0 | ||
| 852 | |a INST |b SAMOS |e 20010127 |h 729 GRI |p 005300022184 |q 005300022184 |t BK |y 23 | ||
| 852 | |a INST |b SYROS |e 20010127 |h 729 GRI |p 005500000295 |q 005500000295 |t BK |y 0 | ||
| 852 | |a INST |b SYROS |e 20010127 |h 729 GRI |p 005500000296 |q 005500000296 |t BK |y 0 | ||
| 901 | |a BIBL3-2001-1 | ||
| 922 | |a 3ΕΛΗ |b 200002 |c ΤΠΕΣ/ΠΟΛ |d Leader | ||
| 922 | |a 5ΕΛΗ |b 200002 |c ΤΠΕΣ/ΠΟΛ |d Leader | ||
| 970 | |a Πουρνάρας |b Δημήτρης |z 27/01/2001 | ||